000 00597nam a2200181 a 4500
001 000018012
005 20200929165321.0
008 880808s1968 ag 000 0 spa d
040 _aDO-SdBNP
082 _axxx
_bA367
100 1 _aAlemán, Mateo,
_d1547-1614
_939055
245 1 0 _aVida del pícaro Guzmán de Alfarache, criado del rey Felipe III, nuestro señor, y natural vecino de Sevilla /
_cMateo Alemán.
260 _aBarcelona :
_bZeus,
_c1968.
300 _a296 p. ;
_c23 cm.
490 0 _aBiblioteca mundial Sopena
740 0 _aGuzmán de Alfarache
910 _aCatalogación derivada
999 _c17534
_d17534